Sports Quiz

Random Sports or Baseball Quiz

MLB Teams: Top 10 Active Home Run Leaders Quiz Stats

 Plays Quiz not verified by Sporcle

Challenge
Share
Tweet
Embed
Score 0/300 Timer 20:00
0 Plays Today
HR Answer % Correct
CardinalsAlbert Pujols
96.9%
AngelsAlbert Pujols
96.9%
AngelsMike Trout
95.2%
MarlinsMiguel Cabrera
92.1%
TigersMiguel Cabrera
92.1%
IndiansAsdrúbal Cabrera
92%
BrewersRyan Braun
92%
DodgersAdrián González
92%
PadresAdrián González
92%
Red SoxAdrián González
92%
RockiesCarlos González
91.9%
Blue JaysJosé Bautista
91.7%
OriolesAdam Jones
91.7%
PiratesJosé Bautista
91.7%
GiantsBrandon Belt
91.4%
YankeesGary Sánchez
90.1%
MetsJay Bruce
90%
MarlinsHanley Ramírez
89.6%
OriolesChris Davis
88.9%
PhilliesRhys Hoskins
88.9%
MetsAsdrúbal Cabrera
88.5%
TigersJ.D. Martinez
87.7%
DodgersMatt Kemp
87.6%
RaysEvan Longoria
87.5%
RedsJoey Votto
87.4%
PadresMatt Kemp
87%
NationalsRyan Zimmerman
87%
GiantsBuster Posey
86.3%
RangersChris Davis
85.7%
DodgersKiké Hernández
85.6%
TigersIan Kinsler
85.6%
Tigers   Jeimer Candelario    Mikie Mahtook
85.3%
PiratesAndrew McCutchen
85.2%
Twins    Jorge Polanco     Denard Span
85.1%
MarinersMitch Haniger
85%
DodgersRussell Martin
84.9%
DiamondbacksJustin Upton
84.7%
AthleticsKhris Davis
84.5%
Blue JaysEdwin Encarnación
84.3%
RedsEdwin Encarnación
84.3%
YankeesRobinson Canó
84.3%
YankeesAaron Hicks
84.2%
BravesJustin Upton
84.1%
YankeesAaron Judge
83.7%
IndiansJosé Ramírez
83.7%
Blue JaysRussell Martin
83.7%
RockiesTroy Tulowitzki
83.4%
Red SoxHanley Ramírez
83.3%
BravesBrian McCann
83%
YankeesBrian McCann
82.9%
MetsMichael Conforto
82.8%
CardinalsMatt Holliday
82.6%
RockiesMatt Holliday
82.6%
Red SoxDustin Pedroia
82.6%
CardinalsJedd Gyorko
82.4%
AthleticsJosh Donaldson
82.4%
RedsBrandon Phillips
80.9%
RoyalsWhit Merrifield
80.7%
GiantsPablo Sandoval
80.1%
PhilliesAaron Altherr
80%
RangersJoey Gallo
79.7%
MarlinsGiancarlo Stanton
79.4%
DodgersYasmani Grandal
79.4%
RangersNelson Cruz
79.2%
RedsJay Bruce
79.2%
DiamondbacksPaul Goldschmidt
78.8%
PhilliesCésar Hernández
78.8%
NationalsTrea Turner
78.7%
NationalsBryce Harper
78.5%
White SoxJosé Abreu
78.3%
BravesMatt Kemp
77.9%
DiamondbacksChris Young
77.8%
CardinalsYadier Molina
77.7%
PiratesGregory Polanco
77.4%
DodgersCody Bellinger
77%
TigersCurtis Granderson
76.4%
YankeesCurtis Granderson
76.4%
RoyalsJorge Bonifacio
75.9%
Red SoxJackie Bradley Jr.
75.9%
MetsJosé Reyes
75.6%
BrewersHernán Pérez
75.6%
RangersIan Kinsler
75.6%
AstrosHunter Pence
75.2%
GiantsHunter Pence
75.2%
AstrosMarwin González
75%
PhilliesCarlos Santana
74.7%
MarinersKendrys Morales
74.6%
BravesJason Heyward
74.2%
RaysLogan Morrison
74.2%
MarlinsMarcell Ozuna
74.1%
RaysSean Rodríguez
73.6%
RoyalsAlex Gordon
73.5%
RaysBen Zobrist
73.5%
CubsAnthony Rizzo
73.4%
CubsStarlin Castro
73.1%
CardinalsMatt Carpenter
73%
PiratesJosh Bell
72.5%
RaysCorey Dickerson
72.3%
Red SoxJacoby Ellsbury
72%
YankeesChase Headley
71.9%
HR Answer % Correct
RockiesNolan Arenado
71.8%
Yankees   Jacoby Ellsbury    Russell Martin
71.6%
MarinersRobinson Canó
70.9%
White SoxTodd Frazier
70.8%
DiamondbacksA.J. Pollock
70.5%
TwinsEddie Rosario
70.2%
AngelsMark Trumbo
70.1%
DodgersYasiel Puig
70.1%
MarinersIchiro Suzuki
70%
AthleticsYoenis Céspedes
69.9%
TwinsMiguel Sanó
69.9%
AstrosGeorge Springer
69.6%
Red SoxJ.D. Martinez
69.5%
OriolesNick Markakis
69.3%
PadresChase Headley
69.2%
RoyalsLorenzo Cain
69.2%
TwinsDanny Valencia
69.1%
BravesNick Markakis
69%
TigersJustin Upton
68.9%
White SoxYolmer Sánchez
68.9%
RangersNomar Mazara
68.6%
AngelsLuis Valbuena
68.6%
RangersRobinson Chirinos
68.5%
OriolesManny Machado
68.2%
BrewersKhris Davis
68.2%
IndiansFrancisco Lindor
68%
Blue JaysKendrys Morales
67.9%
Blue JaysDevon Travis
67.8%
AstrosJake Marisnick
67.6%
White SoxMelky Cabrera
67.6%
CubsJavier Báez
67.4%
AthleticsKurt Suzuki
67.1%
Blue JaysJosh Donaldson
67%
DiamondbacksMark Reynolds
67%
OriolesMark Reynolds
67%
RoyalsEric Hosmer
67%
PiratesStarling Marté
66.8%
NationalsDaniel Murphy
65.6%
DiamondbacksGerardo Parra
65.3%
Brewers   Christian Yelich    Jonathan Villar
64.7%
BrewersJesús Aguilar
64.3%
YankeesBrett Gardner
64.2%
BravesEvan Gattis
64.1%
OriolesTrey Mancini
64.1%
BrewersCarlos Gómez
64.1%
NationalsIan Desmond
63.3%
AstrosAlex Bregman
63.1%
BravesKurt Suzuki
63%
RockiesDexter Fowler
62.6%
PiratesPedro Álvarez
62.5%
GiantsBrandon Crawford
62.3%
IndiansCarlos Santana
62.2%
AstrosJosé Altuve
62.2%
RangersRougned Odor
62%
MetsDaniel Murphy
61.6%
RockiesDJ LeMahieu
60.8%
MetsYoenis Céspedes
60.7%
BravesAndrelton Simmons
60.6%
OriolesJonathan Schoop
60.6%
AngelsHowie Kendrick
60.3%
AngelsKendrys Morales
59.8%
OriolesMatt Wieters
59.7%
AthleticsJosh Reddick
58.8%
AngelsC.J. Cron
58.6%
RoyalsMike Moustakas
58.5%
Blue JaysJustin Smoak
57.4%
IndiansEdwin Encarnación
57.3%
Blue JaysKevin Pillar
57.3%
TigersJames McCann
57.2%
PhilliesNick Williams
57.1%
RangersShin-Soo Choo
57.1%
CardinalsPaul DeJong
56.9%
AstrosCarlos Correa
56.8%
CubsAddison Russell
56.5%
YankeesDidi Gregorius
56.5%
DiamondbacksDavid Peralta
56.3%
RangersElvis Andrus
55.5%
CubsKris Bryant
55.1%
DiamondbacksMiguel Montero
55%
Red SoxMookie Betts
55%
RedsTodd Frazier
54.9%
AthleticsMark Canha
54.9%
PiratesNeil Walker
54.8%
MarinersKyle Seager
54.8%
AstrosJason Castro
54.8%
DodgersJustin Turner
54.8%
TwinsBrian Dozier
54.3%
PiratesJosh Harrison
54.2%
RockiesCharlie Blackmon
54.1%
IndiansJason Kipnis
53.9%
GiantsJoe Panik
53.7%
Blue JaysTroy Tulowitzki
53.4%
AthleticsJed Lowrie
53%
IndiansShin-Soo Choo
52.9%
MetsLucas Duda
52.8%
IndiansYan Gomes
52.5%
MarlinsJustin Bour
52%
AngelsKole Calhoun
51.6%
TwinsEduardo Escobar
51.5%
NationalsAnthony Rendon
51.4%
HR Answer % Correct
PiratesJung Ho Kang
51.1%
RoyalsSalvador Pérez
51.1%
AstrosEvan Gattis
50.7%
CubsLuis Valbuena
50.6%
White SoxAdam Eaton
50.3%
AngelsJustin Upton
50.3%
DodgersCorey Seager
50.1%
DodgersJoc Pederson
50.1%
MarinersNelson Cruz
50%
BrewersJonathan Lucroy
49.6%
BravesFreddie Freeman
49%
DiamondbacksYasmany Tomás
48.9%
MetsCurtis Granderson
48.7%
NationalsWilson Ramos
48.7%
MarinersJustin Smoak
48.2%
CardinalsMatt Adams
47.6%
RedsAdam Duvall
46.5%
MarlinsChristian Yelich
46.2%
BravesMartín Prado
46%
RoyalsKendrys Morales
45.9%
MetsTravis d'Arnaud
45.6%
Blue JaysTeoscar Hernández
45.4%
DiamondbacksJake Lamb
45.1%
CardinalsTommy Pham
45%
RangersMitch Moreland
44.6%
OriolesMark Trumbo
44.5%
PhilliesHunter Pence
44.4%
TigersAlex Avila
44%
Red SoxJarrod Saltalamacchia
44%
Red SoxXander Bogaerts
43.9%
RockiesTrevor Story
43.3%
RedsEugenio Suárez
43.2%
RedsZack Cozart
42.6%
CubsIan Happ
42.5%
White SoxTim Anderson
42.5%
CardinalsDavid Freese
42.3%
CardinalsRandal Grichuk
41.2%
RaysSteven Souza Jr.
41%
RaysLogan Forsythe
40.8%
Nationals       Matt Wieters        Matt Adams
40.4%
MarlinsLogan Morrison
40.3%
CubsKyle Schwarber
40.2%
CubsWillson Contreras
40%
IndiansMichael Brantley
40%
GiantsNick Hundley
39.8%
BrewersEric Thames
39.4%
White SoxGordon Beckham
39.3%
MarlinsJ.T. Realmuto
38.3%
BrewersDomingo Santana
38%
RockiesMark Reynolds
38%
AngelsChris Iannetta
37.7%
RoyalsAlcides Escobar
37.6%
IndiansLonnie Chisenhall
37.5%
TigersNick Castellanos
37.3%
AthleticsStephen Vogt
37.2%
NationalsJuan Soto
36.6%
CubsBen Zobrist
36.4%
PhilliesMaikel Franco
36.3%
PadresJedd Gyorko
35.7%
GiantsDenard Span
35.7%
RaysBrad Miller
35.5%
MetsWilmer Flores
35.5%
RockiesChris Iannetta
35.3%
AthleticsMarcus Semien
34.9%
PhilliesOdúbel Herrera
34.9%
RaysMatt Joyce
34.6%
TwinsRobbie Grossman
34.4%
GiantsGrégor Blanco
34.2%
RaysKevin Kiermaier
33.8%
PadresWil Myers
33.7%
White SoxAvisaíl García
32.9%
AthleticsMatt Olson
32.9%
OriolesSteve Pearce
32.2%
MarlinsDerek Dietrich
32%
RoyalsMelky Cabrera
31.8%
White SoxTyler Flowers
31.3%
GiantsMadison Bumgarner Gorkys Hernández
31.1%
BrewersTravis Shaw
29.8%
MarinersBrad Miller
29.8%
Red SoxAndrew Benintendi
29.7%
PiratesJordy Mercer
29.5%
TwinsTrevor Plouffe
28.9%
PadresNick Hundley
28.4%
AstrosLuis Valbuena
28.3%
MarinersLogan Morrison
28.2%
MarinersMike Zunino
28.1%
PhilliesFreddy Galvis
27.6%
NationalsMichael Taylor
26.7%
RedsScooter Gennett
26.2%
PadresRyan Schimpf
24.3%
PadresHunter Renfroe
23%
TwinsMax Kepler
22.8%
TwinsByron Buxton
22.2%
PadresYangervis Solarte
21.5%
PhilliesErik Kratz
20.8%
White SoxMatt Davidson
19.5%
PadresAustin Hedges
19.3%
TigersAustin Jackson
16.2%
MarlinsMartín Prado
13.3%
RedsScott Schebler
12.6%

You're not logged in!

Compare scores with friends on all Sporcle quizzes.
OR
Log In

You Might Also Like...

Show Comments

Extras

Top Quizzes Today


Score Distribution

Your Account Isn't Verified!

In order to create a playlist on Sporcle, you need to verify the email address you used during registration. Go to your Sporcle Settings to finish the process.

Report this User

Report this user for behavior that violates our Community Guidelines.

Details: